000 00412nam a2200121Ia 4500
008 231129s9999||||xx |||||||||||||| ||spa||
020 _a84-7419-500-4
040 _bspa
082 _aR(i) 036.1 G748L
245 0 _aGran libro de preguntas y respuestas de Carlitos: respecto a todas las especies animales ... desde el caracol
264 _aEdiciones Junior
942 _2ddc
_cBKS
999 _c14618
_d14618